SÜPER SEKİZLER (Record no. 1214892)

MARC details
000 -LEADER
sabit uzunluktaki kontrol alanı 00238nam a2200097Ia 4500
001 - KONTROL NUMARASI
kontrol alanı 1214892
005 - EN SON İŞLEMİN TARİH VE ZAMANI
kontrol alanı 20250827024541.0
008 - SABİT-UZUNLUKTA VERİ ÖĞELERİ--GENEL BİLGİ
sabit uzunluktaki kontrol alanı 250824s9999 xx 000 0 und d
245 #0 - ESER / YAZAR
ESER ADI SÜPER SEKİZLER
Yazar Adı AYŞEN OY
260 ## - YAYIN, DAĞITIM, VB.
YAYIN EVİ MARTI YAYINCILIK
Holdings
Düşüm durumu Kayıp durumu Hasar Durumu Ödünç verilmez Ana kütüphane Geçerli Kütüphane Edinilen tarih Toplam ödünç verme sayısı Barkod Son görüntüleme tarihi Fiyatın geçerli olmaya başladığı tarih Koha materyal türü
        KAŞGARLI MAHMUT ORTAOKULU KAŞGARLI MAHMUT ORTAOKULU 24.08.2025   10648678 27.08.2025 27.08.2025 Books